000 00799cam a22002411a 4500
001 he 66000575
003 DLC
005 20260227111437.0
008 820628s1965 is ac 000 0 yid
010 _ahe 66000575
035 _a(OCoLC)8557757
040 _aDLC
_cMdBE
_dPPiU
_dOCoLC
_dNcD
_dDLC
042 _apremarc
050 0 0 _aPJ5129.P4
_bZ42
245 0 0 _aY. L. Peretz in der yidisher dikhtung.
260 _aTel Aviv, Israel :
_bI.L. Peretz Pub. House,
_c1965.
300 _a222 p. :
_bill., port. ;
_c23 cm.
500 _a"Editing by Nachman Meisel."--T.p. verso.
500 _aTitle on added t.p.: J.L. Peretz in der jdisher Dichtung.
600 1 0 _aPeretz, Isaac Leib,
_d1851 or 1852-1915.
700 1 _aMayzel, Nachman,
_d1887-1966.
740 0 _aJ. L. Peretz in der jdisher Dichtung.
999 _c31633
_d31633